Plague / (Record no. 3455)

MARC details
000 -LEADER
fixed length control field 00770nam a22002417a 4500
001 - CONTROL NUMBER
control field 3455
003 - CONTROL NUMBER IDENTIFIER
control field FISKH
005 - DATE AND TIME OF LATEST TRANSACTION
control field 20240307085520.0
008 - FIXED-LENGTH DATA ELEMENTS--GENERAL INFORMATION
fixed length control field 240307b cb ||||| |||| 00| 0 eng d
040 ## - CATALOGING SOURCE
Original cataloging agency FISK
Language of cataloging eng
Transcribing agency FISK
Modifying agency FISK
050 ## - LIBRARY OF CONGRESS CALL NUMBER
Classification number PZ7.G7671
082 ## - DEWEY DECIMAL CLASSIFICATION NUMBER
Classification number 813.6
100 ## - MAIN ENTRY--PERSONAL NAME
Personal name Grant Michael
Dates associated with a name 1954-
245 ## - TITLE STATEMENT
Title Plague /
Statement of responsibility, etc. Michael Grant
260 ## - PUBLICATION, DISTRIBUTION, ETC.
Place of publication, distribution, etc. New York :
Name of publisher, distributor, etc. HarperCollins,
Date of publication, distribution, etc. 2014
300 ## - PHYSICAL DESCRIPTION
Extent 492 pages :
Dimensions 21 cm
505 ## - FORMATTED CONTENTS NOTE
Formatted contents note K
520 ## - SUMMARY, ETC.
Summary, etc. A deadly, flu-like epidemic and a plague of flesh-eating creatures threaten the lives of the children at Perdido Beach while Sam, Astrid, Caine, and Diana each struggle with doubts and uncertainties.
521 8# - TARGET AUDIENCE NOTE
Target audience note 570
Source Lexile
700 ## - ADDED ENTRY--PERSONAL NAME
Personal name Michael Grant
942 ## - ADDED ENTRY ELEMENTS (KOHA)
Source of classification or shelving scheme Dewey Decimal Classification
Koha item type Books
Suppress in OPAC No
Holdings
Withdrawn status Lost status Source of classification or shelving scheme Damaged status Not for loan Collection Home library Current library Shelving location Date acquired Total Checkouts Full call number Barcode Date last seen Copy number Price effective from Koha item type
    Dewey Decimal Classification     Fiction Footprints International School Library Network Toul Kork Campus Footprints International School Library Network Toul Kork Campus   03/07/2024   MRA PZ7.G7671 813.6 2024-0269 03/07/2024 1 03/07/2024 Books